00527nai a2200157Ia 4500003000900000008004100009022002200050022002300072040001600095245003300111260003400144310001200178362002600190521006900216856008400285IN-BaIIA211028c9999 xx s 000 0 eng d a0742-2822 (Print) a1540-8175 (Online) cIIA Library 0aEchocardiographyh[eJournal] aNew JerseybJohn Wiley & Sons aMonthly a14(1); 1997 - Present bSubscribed through National Knowledge Resource Consortium (NKRC) uhttps://onlinelibrary.wiley.com/journal/15408175yClick Here to Access eJournal